Вектор сотрудничества Вьетнама и России в нефтегазовой отрасли; Российская нефть: история и современность
| Parent link: | Российская нефть: история и современность.— 2016.— [С. 616-627] |
|---|---|
| Päätekijä: | |
| Yhteisötekijä: | |
| Muut tekijät: | |
| Yhteenveto: | Заглавие с экрана В статье рассматриваются вопросы сотрудничества Вьетнама и России в нефтегазовой отрасли на протяжении сорока последних лет. Представлены названия принятых между двумя странами документов и даты их подписания. Акцентировано внимание на направления дальнейшего сотрудничества по разведке и добыче нефти и газа на Вьетнамском шельфе. Отдельной строкой выделена информация об обучении иностранных студентов нефтегазовому делу в Томском политехническом университете. The issues of cooperation of Vietnam and Russia in oil and gasindustry for past forty years are considered in this article. The titles ofdocuments adopted between these two countries and the date of theirsigning are presented. The attention to areas for further cooperation inexploration and production of oil and gas offshore Vietnam is emphasized.The information about training of international students to oiland gas business in the Tomsk Polytechnic University is highlightedby a separate line. |
| Kieli: | venäjä |
| Julkaistu: |
2016
|
| Sarja: | Современные проблемы и перспективы развития нефтегазовой индустрии в России и мире |
| Aiheet: | |
| Linkit: | http://elibrary.ru/item.asp?id=26826821 |
| Aineistotyyppi: | MixedMaterials Elektroninen Kirjan osa |
| KOHA link: | https://koha.lib.tpu.ru/cgi-bin/koha/opac-detail.pl?biblionumber=651198 |
MARC
| LEADER | 00000naa0a2200000 4500 | ||
|---|---|---|---|
| 001 | 651198 | ||
| 005 | 20250618161524.0 | ||
| 035 | |a (RuTPU)RU\TPU\network\16447 | ||
| 035 | |a RU\TPU\network\16442 | ||
| 090 | |a 651198 | ||
| 100 | |a 20161107d2016 k y0rusy50 ca | ||
| 101 | 0 | |a rus | |
| 102 | |a RU | ||
| 135 | |a drgn ---uucaa | ||
| 181 | 0 | |a i | |
| 182 | 0 | |a b | |
| 200 | 1 | |a Вектор сотрудничества Вьетнама и России в нефтегазовой отрасли |d The vector of cooperation between Vietnam and Russia in oil and gas industry |f Чан Динь Тан Сы, Н. С. Полякова | |
| 203 | |a Текст |c электронный | ||
| 225 | 1 | |a Современные проблемы и перспективы развития нефтегазовой индустрии в России и мире | |
| 300 | |a Заглавие с экрана | ||
| 320 | |a [Библиогр.: с. 627 (10 назв.)] | ||
| 330 | |a В статье рассматриваются вопросы сотрудничества Вьетнама и России в нефтегазовой отрасли на протяжении сорока последних лет. Представлены названия принятых между двумя странами документов и даты их подписания. Акцентировано внимание на направления дальнейшего сотрудничества по разведке и добыче нефти и газа на Вьетнамском шельфе. Отдельной строкой выделена информация об обучении иностранных студентов нефтегазовому делу в Томском политехническом университете. | ||
| 330 | |a The issues of cooperation of Vietnam and Russia in oil and gasindustry for past forty years are considered in this article. The titles ofdocuments adopted between these two countries and the date of theirsigning are presented. The attention to areas for further cooperation inexploration and production of oil and gas offshore Vietnam is emphasized.The information about training of international students to oiland gas business in the Tomsk Polytechnic University is highlightedby a separate line. | ||
| 463 | 1 | |t Российская нефть: история и современность |o сборник статей Всероссийской научной конференции с международным участием, Сургут, 27 ноября 2015 г. |f Сургутский государственный университет (СурГУ) |v [С. 616-627] |d 2016 | |
| 510 | 1 | |a The vector of cooperation between Vietnam and Russia in oil and gas industry |z eng | |
| 610 | 1 | |a электронный ресурс | |
| 610 | 1 | |a труды учёных ТПУ | |
| 610 | 1 | |a шельфы | |
| 610 | 1 | |a Вьетнам | |
| 610 | 1 | |a нефтегазовая отрасль | |
| 610 | 1 | |a Россия | |
| 610 | 1 | |a ТПУ | |
| 700 | 0 | |a Чан Динь Тан Сы | |
| 701 | 1 | |a Полякова |b Н. С. |c химик |c ассистент Томского политехнического университета, старший лаборант |f 1955- |g Наталья Сергеевна |3 (RuTPU)RU\TPU\pers\32183 | |
| 712 | 0 | 2 | |a Национальный исследовательский Томский политехнический университет (ТПУ) |b Институт международного образования и языковой коммуникации (ИМОЯК) |b Кафедра междисциплинарная (МД) |3 (RuTPU)RU\TPU\col\19012 |
| 801 | 1 | |a RU |b 63413507 |c 20101016 | |
| 801 | 2 | |a RU |b 63413507 |c 20161107 |g RCR | |
| 850 | |a 63413507 | ||
| 856 | 4 | |u http://elibrary.ru/item.asp?id=26826821 | |
| 942 | |c CF | ||